000 00953nam a2200289 i 4500
001 000037894
003 DO-SdBNP
005 20250307090015.0
007 ta
008 130308s1984 dr 000 0 spa d
020 _a8449977649
040 _aDO-SdBNP
_bspa
_cBNPHU
_erda
082 4 _a972.93054
_bB171v
_222
100 1 _a Balaguer, Joaquín,
_d1906-2002
_eautor
_976556
245 1 3 _aLa voz del capitolio /
_cJoaquín Balaguer.
264 _aSanto Domingo :
_beditor no identificado,
_c1984.
300 _a438 páginas ;
_c25 cm.
336 _2rdacontent
_atexto
_btxt
337 _2rdamedia
_asin mediación
_bn
338 _2rdacarrier
_avolumen
_bnc
490 _aDiscursos
_v9
590 _aInventariado, 2019 /LP
600 1 0 _a Balaguer, Joaquín,
_d1906-2002
_xEnsayos, conferencias, etc.
_976556
651 4 _aRepública Dominicana
_xPolítica y gobierno
_y1930-1961
_964336
910 _aValidado. Control de calidad MFF
942 _2ddc
_cLBS1
999 _c37384
_d37384